000 00219nam a22001097a 4500
041 _aeng
080 _a80
100 _aNolasco, Rob
245 _aWindow On the World. SB.1
650 _aEnglish Practice
999 _c279926
_d279926
942 _cBK